| 000 | 00941nam a2200301Ia 4500 | ||
|---|---|---|---|
| 003 | OSt | ||
| 005 | 20221006160201.0 | ||
| 006 | a|||||r|||| 00| 0 | ||
| 007 | ta | ||
| 008 | 221006b |||||||| |||| 00| 0 eng d | ||
| 020 |
_a9780520252882 _c _56.70 |
||
| 024 | _a44,543 | ||
| 037 |
_bGift, Koren Embassy _cTextual |
||
| 040 |
_aEASL _cEASL _beng |
||
| 041 |
_2eng _aeng |
||
| 082 | _aY150aV495, P8 | ||
| 100 |
_aYoo Theodore Jun _9672270 |
||
| 245 | 0 | _aPolitics of gender in colonial Korea education, labour, and health,1910-1945 | |
| 260 |
_aSeoul _bIlchokak Korea _c2008 |
||
| 300 |
_a330p. _ccm. |
||
| 490 | _v KEL | ||
| 650 | _a KEL | ||
| 650 |
_a Korea - History - Japanese occupation _9646913 |
||
| 650 | _a Sex role - Korea - History | ||
| 650 |
_aWomen - Korea - Social conditions _9672271 |
||
| 942 |
_hY150aV495, P8 _cTEXL _2CC |
||
| 999 |
_c1112635 _d1112635 |
||